| 000 | 00898nam a2200229Ia 4500 | ||
|---|---|---|---|
| 999 |
_c56063 _d56063 |
||
| 001 | 23163 | ||
| 003 | GE_BSU | ||
| 005 | 20221223163409.0 | ||
| 008 | 181216s1972ge xx |||||||||||||| ||geo|| | ||
| 040 | _cGE_BSU | ||
| 041 | _ageo | ||
| 080 | _a821.111-31 ვ-73 | ||
| 100 |
_aვოინიჩი, ეტელ ლილიან 1864-1960, ავტორი. _916557 |
||
| 245 |
_aკრაზანა : _b რომანი / _cე. ვოინიჩი ; თარგმნ. ს. კლდიაშვილმა. |
||
| 264 |
_aთბილისი : _bნაკადული, _c1972 |
||
| 300 |
_a347 გვ. ; _b21 სმ. |
||
| 501 | _aშენიშვნები: გვ. 341-346. | ||
| 541 | _h2ლ. 20თ. | ||
| 653 | _aკრაზანა : რომანი | ||
| 700 |
_aკლდიაშვილი, ს _eმთარგმნელი _916516 |
||
| 942 |
_cBK _2udc |
||